Geografia per Lettere - E - Statistics

Statistiche generali
  • Questo quiz è stato fatto 149 volte
    74 dall'ultimo reset
  • Il punteggio medio è 12 su 20
Statistiche sulle risposte
Categoria Risposta % Corretto
Punto Cardinale Est
100%
Stato Africano Egitto - Eritrea - Etiopia
94%
Valuta in Uso Escudo - Euro
92%
Stato Europeo Estonia
90%
Continente Europa
90%
Stato Sud Americano Ecuador
84%
Capitale di una Nazione del Regno Unito Edimburgo
84%
Parallelo Terrestre Equatore
76%
Stato Composto da più Parole El Salvador - Emirati Arabi Uniti
68%
Stato Asiatico Emirati Arabi Uniti
66%
Le Sette Vette Everest - Elbrus
66%
Stato Nord Americano El Salvador
56%
Fiume* Elba - Enisej - Essequibo - Eufrate
52%
Città Tedesca (100K+) Erfurt - Erlangen - Essen
37%
Grande Lago Erie
35%
Contea Inglese East Riding of Yorkshire - Essex - East Sussex
26%
Capitale di una Provincia Canadese Edmonton
21%
Lingua (con almeno 5,5 milioni di parlanti) Ebraico Moderno
19%
Città del Texas (100K+) El Paso
16%
Parco Nazionale USA Everglades
8%
Nessun quiz corrispondente trovato
Distribuzione punteggi
Percentuale di utenti per punteggio
Percentile per numero di risposta
I tuoi punteggi nel tempo
Non hai fatto questo quiz dall'ultimo reset